[Event "ch-BEL Experts 2012"]
[Site "Lommel BEL"]
[Date "2012.07.01"]
[Round "2.2"]
[White "Hautot,S"]
[Black "Sarrau,J"]
[Result "1/2-1/2"]
[WhiteElo "2395"]
[BlackElo "2287"]

1.e4 e6 2.d4 d5 3.Nc3 Bb4 4.e5 Ne7 5.a3 Bxc3+ 6.bxc3 b6 7.a4 Ba6 8.Bxa6 Nxa6
9.Ba3 Nb8 10.Nf3 Nbc6 11.O-O Qd7 12.Qd3 Nf5 13.Rfd1 Na5 14.Nd2 Qc6 15.Rdb1 Nc4
16.Nxc4 dxc4 17.Qe2 a5 18.Rb5 Rd8 19.Rd1 Rd5 20.Rdb1 Rd8 21.Rd1 Rd5 22.Rdb1 Rd8
23.f3 h5 24.Qe4 Rd5 25.Rxd5 Qxd5 26.Kf2 Kd7 27.Rb5 Qxe4 28.fxe4 Ne7 29.d5 Ng6
30.d6 cxd6 31.exd6 Kc6 32.e5 h4 33.Bc1 Rh5 34.Be3 Rf5+ 35.Ke2 Rxe5 36.Rxb6+ Kd7
37.Rb7+ Kxd6 38.Rxf7 Ne7 39.Kd2 Rd5+ 40.Ke2 Nf5 41.Bf4+ Kc6 42.Rc7+ Kb6 43.Rxc4 h3
44.g4 Nd6 45.Bxd6 Rxd6 46.Re4 Rc6 47.Kd3 Rd6+ 48.Rd4 Rc6 49.Rd7 g6 50.Rh7 Rd6+
51.Kc4 Rc6+ 52.Kd3 Rd6+ 53.Ke4 Rc6 54.Kd3  1/2-1/2

[Event "40th TCh-GRE 2012"]
[Site "Achaea GRE"]
[Date "2012.07.02"]
[Round "4.11"]
[White "Sfetsou,Christina"]
[Black "Pahaki,H"]
[Result "0-1"]
[WhiteElo "1300"]
[BlackElo "1673"]

1.e4 e6 2.d4 d5 3.Nc3 Bb4 4.e5 Ne7 5.Bd3 c5 6.Nf3 Nbc6 7.Be3 cxd4 8.Bxd4 Nxd4
9.Nxd4 Qc7 10.Bb5+ Bd7 11.Bxd7+ Kxd7 12.Ne2 Qxe5 13.O-O Rhd8 14.Nd4 Bxc3
15.bxc3 Ke8 16.Rb1 Rd7 17.Re1 Qc7 18.Rb3 Kf8 19.Qf3 Kg8 20.Rd1 Rc8 21.Ne2 Nf5
22.Rb2 Nd6 23.a4 Ne4 24.Rb3 Qa5 25.Ra3 Rdc7 26.Rd3 Rc4 27.Rd4 Rxd4 28.Nxd4 Rxc3
29.Rxc3 Qxc3 30.Qxc3 Nxc3 31.a5 a6 32.Kf1 Kf8 33.Ke1 Ke7 34.Kd2 Ne4+ 35.Ke3 Nd6
36.Nb3 Nc4+ 37.Kd4 Kd6 38.f4 Kc6 39.g3 Kb5 40.Nc5 Nxa5 41.h3 Nc6+  0-1

[Event "ch-BEL Experts 2012"]
[Site "Lommel BEL"]
[Date "2012.07.02"]
[Round "3.3"]
[White "Beukema,S"]
[Black "Hovhanisian,M"]
[Result "1-0"]
[WhiteElo "2292"]
[BlackElo "2492"]

1.e4 e6 2.d4 d5 3.Nc3 Bb4 4.e5 Qd7 5.Qg4 f5 6.Qh5+ Qf7 7.Qf3 Nc6 8.Ne2 Bd7
9.a3 Be7 10.b4 g5 11.h4 gxh4 12.b5 Na5 13.Nf4 c6 14.Bd2 b6 15.bxc6 Bxc6 16.Nb5 Kd7
17.Bxa5 bxa5 18.c4 Bg5 19.cxd5 Bxd5 20.Nxd5 exd5 21.Qc3 Bd8 22.Nd6 Qg6 23.Qb3 Ke6
24.Qb7 a4 25.Qxa8 Ba5+ 26.Kd1 Qg4+ 27.Kc2 Ne7 28.Qxh8 Qf4 29.Qf6+  1-0

[Event "7th Wroclaw Open A"]
[Site "Wroclaw POL"]
[Date "2012.07.04"]
[Round "3.12"]
[White "Mondrzycki,B"]
[Black "Kalvaitis,S"]
[Result "1-0"]
[WhiteElo "2056"]
[BlackElo "2263"]

1.e4 e6 2.d4 d5 3.Nc3 Bb4 4.e5 Ne7 5.a3 Bxc3+ 6.bxc3 c5 7.h4 Qc7 8.Nf3 Nbc6
9.h5 h6 10.Bd3 Bd7 11.O-O c4 12.Be2 O-O-O 13.a4 Rdg8 14.Ba3 g6 15.Nh2 Rg7
16.Ng4 gxh5 17.Nf6 h4 18.Bg4 Qa5 19.Qf3 Rg5 20.Bh3 Nf5 21.Bc1 Nce7 22.Bxg5 hxg5
23.Nxd7 Kxd7 24.Rfb1 Qc7 25.Rb5 a6 26.Rc5 Qb6 27.Bxf5 Nxf5 28.Rxd5+ exd5
29.Qxf5+ Qe6 30.Qxg5 h3 31.g4 h2+ 32.Kg2 Kc7 33.Rh1 Qe8 34.Qf6 Qg8 35.Qf4 Qh7
36.Rxh2 Qxh2+ 37.Qxh2 Rxh2+ 38.Kxh2 a5 39.g5 Kd7 40.Kg2 b5 41.g6 fxg6 42.axb5 a4
43.b6 a3 44.e6+ Kxe6 45.b7 a2 46.b8=Q a1=Q 47.Qe5+ Kf7 48.Qxd5+ Kg7 49.Qxc4 Qc1
50.Qd3 Qg5+ 51.Kf1 Qh5 52.c4 Qh1+ 53.Ke2 Qh5+ 54.Qf3 Qa5 55.c5 Qb5+ 56.Qd3  1-0

[Event "7th Wroclaw Open A"]
[Site "Wroclaw POL"]
[Date "2012.07.05"]
[Round "4.14"]
[White "Cukrowski,F"]
[Black "Kalvaitis,S"]
[Result "1-0"]
[WhiteElo "2133"]
[BlackElo "2263"]

1.e4 e6 2.d4 d5 3.Nc3 Bb4 4.e5 Ne7 5.Qg4 c5 6.a3 Bxc3+ 7.bxc3 Qc7 8.Qxg7 Rg8
9.Qxh7 cxd4 10.Ne2 Nbc6 11.f4 dxc3 12.Qd3 d4 13.Ng3 Bd7 14.Be2 O-O-O 15.O-O Nd5
16.Ne4 Be8 17.Rb1 Qe7 18.Nd6+ Rxd6 19.exd6 Qxd6 20.f5 e5 21.f6 Rg6 22.Qh3+ Bd7
23.Qh8+ Kc7 24.Bd3 Rxf6 25.Bg5 Rxf1+ 26.Rxf1 f5 27.Bxf5 Bxf5 28.Rxf5 d3 29.cxd3 c2
30.Bc1 Nf4 31.Qg7+ Kb6 32.Rxf4 exf4 33.Qb2+ Ka6 34.Qxc2 b5 35.a4 Nd4 36.axb5+ Kb7
37.Qf2 Qe5 38.Kf1 Ne6 39.Qf3+ Kb8 40.Qe2 Qd5 41.Qe4 Qd6 42.Bb2 Nc5 43.Qe5  1-0

[Event "35th Barbera Open A"]
[Site "Barbera del Valles ESP"]
[Date "2012.07.06"]
[Round "3.4"]
[White "Aroshidze,L"]
[Black "Alarcon Casellas,Rol"]
[Result "1/2-1/2"]
[WhiteElo "2580"]
[BlackElo "2436"]

1.e4 e6 2.d4 d5 3.Nc3 Bb4 4.e5 Ne7 5.a3 Bxc3+ 6.bxc3 c5 7.h4 Qa5 8.Bd2 cxd4
9.cxd4 Qa4 10.Nf3 b6 11.h5 h6 12.c3 Qxd1+ 13.Kxd1 Ba6 14.Bxa6 Nxa6 15.Nh4 Nb8
16.g4 Nbc6 17.f4 g6 18.Nf3 Kd7 19.Kc2 Rag8 20.Rag1 Rg7 21.Rh4 gxh5 22.Rxh5 Rhg8
23.Nh2 Rg6 24.Re1 f5 25.exf6 Rxf6 26.g5 hxg5 27.Ng4 Rf5 28.fxg5 Rg6 29.Rh4 Kd6
30.Re2 Rgxg5 31.Bxg5 Rxg5 32.Nh6 Nd8 33.Rf4 Rg6 34.Nf7+ Nxf7 35.Rxf7 Nc6
36.Rb7 Rf6 37.a4 Rh6 38.Rg7 Rf6 39.Rh7 Rg6 40.Rf2 e5 41.dxe5+ Kxe5 42.Rh5+ Ke6
43.Re2+ Kd6 44.Rd2 Ne5  1/2-1/2

[Event "7th Vladimir Dvorkovich Cup"]
[Site "Moscow RUS"]
[Date "2012.07.06"]
[Round "7.11"]
[White "Sadikhov,U"]
[Black "Shtembuliak,E"]
[Result "1-0"]
[WhiteElo "2120"]
[BlackElo "2189"]

1.e4 e6 2.d4 d5 3.Nc3 Bb4 4.e5 Qd7 5.Bd2 b6 6.a3 Bf8 7.Nf3 Ba6 8.Bxa6 Nxa6
9.Qe2 Nb8 10.Nd1 Ne7 11.h4 h6 12.h5 c5 13.c3 c4 14.g4 Nbc6 15.Bf4 O-O-O 16.Ne3 Na5
17.Nd2 Nec6 18.Bg3 Kb7 19.f4 Be7 20.Kf2 f6 21.Kg2 Rdf8 22.Raf1 fxe5 23.fxe5 Bg5
24.Nf3 Bxe3 25.Qxe3 Ne7 26.Bh4 Nb3 27.Ne1 Qe8 28.Kg3 Rxf1 29.Rxf1 Rf8 30.Rxf8 Qxf8
31.Ng2 Kc6 32.Nf4 Kd7 33.Qe2 Qf7 34.Qc2 Nc6 35.Qg6 Qxg6 36.hxg6 Ne7 37.Bf6 Nxg6
38.Nxg6 gxf6 39.exf6 Ke8 40.Kf4 Kf7 41.Ke5 Na5 42.Nh8+ Kg8 43.f7+ Kg7 44.Kd6 Kf8
45.Kxe6 Nc6 46.Ng6+  1-0

[Event "35th Barbera Open A"]
[Site "Barbera del Valles ESP"]
[Date "2012.07.08"]
[Round "5.14"]
[White "Sanchez Ibern,M"]
[Black "Alarcon Casellas,Rol"]
[Result "1/2-1/2"]
[WhiteElo "2364"]
[BlackElo "2436"]

1.e4 e6 2.d4 d5 3.Nc3 Bb4 4.e5 Ne7 5.Qg4 c5 6.dxc5 Bxc3+ 7.bxc3 Qc7 8.Nf3 Nd7
9.Bd3 Nxe5 10.Qxg7 Nxf3+ 11.gxf3 Rg8 12.Qf6 Nf5 13.Bxf5 exf5 14.Bg5 Be6 15.O-O-O Qxc5
16.Rhe1 Rg6 17.Qh8+ Qf8 18.Qxf8+ Kxf8 19.h4 Rc8 20.Kb2 b6 21.Rd4 Kg7 22.Bf4 h5
23.Bg5 Kf8 24.Ra4 Rc7 25.Rd4 Rc5 26.Ra4 Rc7 27.Rd4 Rc6 28.Red1 f6 29.Bf4 Kf7
30.Ra4 a5 31.Be3 Rg8 32.Ra3 Ra8 33.Rd4 b5 34.Rb3 Rac8 35.Rxb5 Rxc3 36.Rd2 a4
37.Rb7+ Kg6 38.Ra7 f4 39.Bd4 Rxf3 40.c3 Rc6 41.Rxa4 Rh3 42.Ra8 Rxh4 43.a4 Rh1
44.a5 h4 45.a6 Bf5 46.Ka3 Ra1+ 47.Ra2 Rxa2+ 48.Kxa2 Bc8 49.a7 h3 50.Rb8 Ra6+
51.Kb2 h2 52.a8=Q Rxa8 53.Rxa8 h1=Q 54.Rxc8 Qf1 55.Rc5 Qe2+ 56.Kb3 Qe1 57.Rc6 Qb1+
58.Ka4 Kf5 59.Rxf6+ Ke4 60.Rb6 Qa2+ 61.Kb5 Qc4+ 62.Ka5 Qc7 63.Ka6 Kd3 64.Rb4 Qd6+
65.Rb6 Qe7 66.Rb4 f3 67.Rb6 Kc4 68.Rc6+ Kb3 69.Rb6+ Ka4 70.Rc6 Qe8 71.Rc5 Qe6+
72.Kb7 Qd6 73.Ka7 Kb3 74.Rb5+ Kc4 75.Rb6 Qc7+ 76.Ka6 Qc8+ 77.Ka7 Qd7+ 78.Ka6 Qa4+
79.Kb7 Qa5 80.Rc6+ Kd3 81.Rf6 Qb5+ 82.Rb6 Qd7+ 83.Ka6 Ke4 84.Rf6 Qc8+ 85.Kb6 Qd8+
86.Ka6 Qd7 87.Kb6 Qg4 88.Ka6 Kd3 89.Rc6 Qd7 90.Rf6 Kc4 91.Rb6 Qe7 92.Rc6+ Kb3
93.Rb6+ Ka3 94.Rc6 Qd8 95.Kb7 Qd7+ 96.Kb6 Qe7 97.Ka6 Qh7 98.Kb6 Qd7 99.Rc5 Qd6+
100.Kb7 Qe6 101.Rc6 Qe7+ 102.Ka6 Qd8 103.Rc5  1/2-1/2

[Event "ch-BEL Experts 2012"]
[Site "Lommel BEL"]
[Date "2012.07.08"]
[Round "9.5"]
[White "Hovhanisian,M"]
[Black "Dgebuadze,A"]
[Result "1/2-1/2"]
[WhiteElo "2492"]
[BlackElo "2558"]

1.e4 e6 2.d4 d5 3.Nc3 Bb4 4.e5 Ne7 5.Nf3 b6 6.Bd2 Bxc3 7.Bxc3 Ba6 8.Bxa6 Nxa6
9.Qd3 Qc8 10.Qe3 c5 11.Qg5 Nf5 12.O-O-O h6 13.Qf4 Nb4 14.Kb1 a5 15.g4 Ne7
16.h4 Qa6 17.Qd2 Nbc6 18.h5 c4 19.g5 b5 20.gxh6 gxh6 21.Qf4 Nf5 22.Nh4 Nce7
23.Bd2 b4 24.Bc1 a4 25.Rh3 Kd7 26.a3 Rhb8 27.axb4 Rxb4 28.Ra3 Qb6 29.Nxf5 Nxf5
30.Qf3 Rb8 31.Qc3 Qd8 32.Qf3 Qb6 33.Qc3 Qd8 34.Qf3 Qb6 35.Qc3 Qd8  1/2-1/2

[Event "7th Wroclaw Open A"]
[Site "Wroclaw POL"]
[Date "2012.07.08"]
[Round "7.9"]
[White "Ulanowski,K"]
[Black "Nguyen,P"]
[Result "0-1"]
[WhiteElo "1987"]
[BlackElo "2393"]

1.e4 e6 2.d4 d5 3.Nc3 Bb4 4.e5 Qd7 5.a3 Bxc3+ 6.bxc3 b6 7.Qg4 f5 8.Qg3 Ba6
9.Bxa6 Nxa6 10.Ne2 O-O-O 11.a4 Nb8 12.a5 Nc6 13.axb6 cxb6 14.Nf4 Qf7 15.Ba3 Rd7
16.O-O Na5 17.Rfe1 Ne7 18.Qd3 Nec6 19.Qa6+ Rb7 20.Bb4 Nc4 21.Qb5 Qd7 22.Nd3 Nb8
23.Qxd7+ Kxd7 24.Reb1 Rc7 25.f3 Nc6 26.Kf2 Rhc8 27.Ke2 Nd8 28.Ra6 Nc6 29.Raa1 g5
30.g3 Nb8 31.Ra2 h5 32.Raa1 Rg8 33.Rg1 Nc6 34.Ra2 Rcc8 35.Raa1 Rg7 36.f4 g4
37.Ne1 h4 38.Ng2 hxg3 39.hxg3 a5 40.Ba3 Na7 41.Rgb1 Rh8 42.Nh4 Rgh7 43.Kd3 Rxh4
44.gxh4 g3 45.Rg1 Nb5 46.Bc1 Rxh4 47.Rxg3 Rh1 48.Rg7+ Kc6 49.Rg3 a4 50.Rxa4 Rxc1
51.Ra2 Rf1 52.Ke2 Rxf4 53.Ra8 Rh4 54.Rg6 Nxc3+ 55.Ke1 Kb5 56.Rxe6 Rxd4 57.Rf8 Rd2
58.Ree8 Rxc2 59.e6 Ne3  0-1

[Event "35th Barbera Open A"]
[Site "Barbera del Valles ESP"]
[Date "2012.07.09"]
[Round "6.13"]
[White "Mosquera,M"]
[Black "Arizmendi Martinez,J"]
[Result "0-1"]
[WhiteElo "2395"]
[BlackElo "2559"]

1.e4 e6 2.d4 d5 3.Nc3 Bb4 4.e5 Ne7 5.Bd2 c5 6.Nb5 Bxd2+ 7.Qxd2 O-O 8.dxc5 Nd7
9.f4 Nxc5 10.Bd3 Qb6 11.O-O-O Bd7 12.Nd4 Rfc8 13.Ngf3 Rc7 14.g4 Rac8 15.Rhe1 Na4
16.Nb3 Nc6 17.Kb1 Nb4 18.Nfd4 Nc5 19.Nxc5 Rxc5 20.f5 exf5 21.gxf5 Ra5 22.f6 Rxa2
23.Nb3 Nxd3 24.Qxd3 Ra4 25.Qg3 g6 26.Rf1 d4 27.Qg5 Kh8 28.Rf4 d3 29.Rxd3 Rxf4
30.Qxf4 Bf5 31.Qh6 Rg8 32.Rd4 g5 33.Rc4 Qb5 34.Rc3 Qb4 35.Qh5 Rd8 36.Qxf7 Rd1+
37.Ka2  0-1

[Event "35th Barbera Open A"]
[Site "Barbera del Valles ESP"]
[Date "2012.07.10"]
[Round "7.12"]
[White "Cornette,M"]
[Black "Sequera Paolini,J"]
[Result "1/2-1/2"]
[WhiteElo "2567"]
[BlackElo "2407"]

1.e4 e6 2.d4 d5 3.Nc3 Bb4 4.e5 b6 5.a3 Bf8 6.Nf3 Qd7 7.b4 c6 8.Rb1 Ne7 9.a4 Qc7
10.Bd3 h6 11.Ne2 Nd7 12.O-O c5 13.bxc5 bxc5 14.c4 Ba6 15.Nc3 dxc4 16.Be4 Rd8
17.Qe2 Nb6 18.dxc5 Nbd5 19.Bd2 Nxc3 20.Bxc3 Nd5 21.Rfc1 Nxc3 22.Rxc3 Bxc5
23.Bc2 Qc6 24.Be4 Qxa4 25.Nd2 Bd4 26.Qf3 O-O 27.Ra3 Bxf2+ 28.Kh1 Qd7 29.Qxf2 Qxd2
30.Qxd2 Rxd2 31.Rxa6 Re2 32.Bf3 Rxe5 33.Rc6 g5 34.Rxc4 Kg7 35.h3 Kg6 36.Rb7 a5
37.Ra7 h5 38.Be4+ f5 39.Bc2 Rf7 40.Ra6 Rb7 41.Rcc6 Kf6 42.Bd3 g4 43.Bc4 gxh3
44.Rxe6+  1/2-1/2

[Event "Turkish Bank Chess League 2012"]
[Site "Konya TUR"]
[Date "2012.07.11"]
[Round "1"]
[White "Inarkiev,E"]
[Black "Shimanov,A"]
[Result "1-0"]
[WhiteElo "2707"]
[BlackElo "2606"]

1.e4 e6 2.d4 d5 3.Nc3 Bb4 4.e5 Ne7 5.a3 Bxc3+ 6.bxc3 c5 7.h4 Nbc6 8.h5 h6
9.Qg4 Nf5 10.Bd3 O-O 11.Qh3 cxd4 12.g4 Nxe5 13.gxf5 dxc3 14.Nf3 Nxd3+ 15.cxd3 Re8
16.Qg3 Qf6 17.Bf4 exf5+ 18.Kf1 Bd7 19.Kg2 Re2 20.Be5 f4 21.Bxf6 fxg3 22.Bxc3 gxf2
23.Nd4 Re3 24.Rad1 Bg4 25.Kxf2 Rae8 26.Rdg1 Rxd3 27.Rxg4 Rxc3 28.Rhg1 Kf8
29.Rxg7 Re5 30.Rg8+ Ke7 31.Rb8 Rxa3 32.Rxb7+ Kf6 33.Rg4 Rxh5 34.Rf4+ Ke5
35.Rbxf7 Rh2+ 36.Kg1 Rb2 37.Nf3+ Kd6 38.R4f6+  1-0

[Event "Turkish Bank Chess League 2012"]
[Site "Konya TUR"]
[Date "2012.07.11"]
[Round "1"]
[White "Coban,Men"]
[Black "Demir,Z"]
[Result "1-0"]
[WhiteElo "1925"]
[BlackElo "1926"]

1.e4 e6 2.d4 d5 3.Nc3 Bb4 4.e5 Ne7 5.a3 Bxc3+ 6.bxc3 c5 7.Bd3 Nbc6 8.Qg4 O-O
9.Nf3 f6 10.exf6 Rxf6 11.Qh5 g6 12.Qh4 Nf5 13.Qh3 c4 14.Be2 Qc7 15.O-O e5
16.g4 Ng7 17.Qg3 Re6 18.Nxe5 Nxe5 19.Bf4 Qf7 20.Bxe5 Bd7 21.f4 Rf8 22.Rf2 Ra6
23.Qg2 Ba4 24.Bf3 Bc6 25.f5 g5 26.Re2 h6 27.Bxg7 Kxg7 28.Re6 Re8 29.Rg6+ Kh7
30.Qh3 Qf8 31.Rxg5 Rxa3 32.Rf1 Re3 33.Rg6 Be8 34.g5 Bxg6 35.fxg6+ Kh8 36.gxh6 Qe8
37.Qf5 Ra6 38.g7+  1-0

[Event "Minsk Open 2012"]
[Site "Minsk BLR"]
[Date "2012.07.11"]
[Round "2.2"]
[White "Podobedov,F"]
[Black "Stupak,K"]
[Result "0-1"]
[WhiteElo "2200"]
[BlackElo "2512"]

1.e4 e6 2.d4 d5 3.Nc3 Bb4 4.e5 b6 5.Ne2 Ba6 6.a3 Bxc3+ 7.bxc3 Nc6 8.Nf4 Bxf1
9.Kxf1 Qd7 10.Qg4 g6 11.h4 h5 12.Qg5 Nge7 13.Qf6 Rf8 14.Nh3 O-O-O 15.a4 Ng8
16.Qg7 Nce7 17.Ng5 Nf5 18.Qh7 Ngh6 19.g4 hxg4 20.h5 gxh5 21.Rxh5 Rh8 22.Rxh6 Nxh6
23.Qd3 Qc6 24.a5 b5 25.a6 Qc4 26.Rb1 Kd7 27.Kg2 Qxd3 28.cxd3 Rb8 29.Ba3 Nf5
30.Nxf7 Rh5 31.Bc1 Rh3 32.Ng5 Rxd3 33.Ba3 Rh8 34.Rxb5 g3 35.Nf3 gxf2 36.Kxf2 Rh3
37.Ng5 Rh2+  0-1

[Event "35th Barbera Open A"]
[Site "Barbera del Valles ESP"]
[Date "2012.07.12"]
[Round "9.10"]
[White "Alsina Leal,D"]
[Black "Sequera Paolini,J"]
[Result "0-1"]
[WhiteElo "2535"]
[BlackElo "2407"]

1.e4 e6 2.d4 d5 3.Nc3 Bb4 4.e5 b6 5.a3 Bf8 6.Nf3 c5 7.Be3 a6 8.Ne2 Nc6 9.c4 Nh6
10.Bxh6 gxh6 11.Nf4 dxc4 12.d5 exd5 13.Qxd5 Qxd5 14.Nxd5 Rb8 15.Bxc4 Bg7
16.O-O b5 17.Ba2 O-O 18.Nf6+ Kh8 19.Rfe1 c4 20.Nh5 Bg4 21.Nxg7 Kxg7 22.Nd2 Rfe8
23.f4 Red8 24.Nf1 Rd4 25.g3 Rbd8 26.Bb1 Bf3 27.Kf2 Bg4 28.Be4 Na5 29.Bf3 Bxf3
30.Kxf3 Nb3 31.Rab1 Rd3+ 32.Kg4 Nc5 33.Ne3 Rb3 34.Nf5+ Kf8 35.Red1 Rxd1 36.Rxd1 Nd3
37.Rd2 h5+ 38.Kg5 Rxb2 39.Rd1 Rxh2 40.Kf6 Rg2 41.Nd4 Rxg3 42.f5 Ke8 43.e6 fxe6
44.Kxe6 Re3+ 45.Kf6 h4 46.Rh1 h3 47.Rg1 h2 48.Rg8+ Kd7 49.Rg7+ Kd6 50.Rxh7 Nf2  0-1

[Event "9th South Wales Int"]
[Site "Penarth WLS"]
[Date "2012.07.12"]
[Round "9.21"]
[White "Bullen,Alex"]
[Black "Bryant,R"]
[Result "0-1"]
[WhiteElo "1798"]
[BlackElo "1945"]

1.e4 e6 2.d4 d5 3.Nc3 Bb4 4.e5 Ne7 5.Bd2 c5 6.a3 Bxc3 7.bxc3 Nbc6 8.Nf3 Qc7
9.Bd3 c4 10.Be2 Bd7 11.O-O O-O-O 12.a4 f6 13.Bf4 Ng6 14.Bg3 f5 15.Qd2 h6
16.Ne1 Nf8 17.f4 Nh7 18.Nf3 Rdg8 19.Bh4 Be8 20.Qe3 Bh5 21.Nd2 Bxe2 22.Qxe2 g5
23.Bg3 Nf8 24.Rfb1 Ng6 25.fxg5 hxg5 26.Rb5 Qh7 27.Nf1 Rg7 28.a5 Rc7 29.Qd1 Nge7
30.a6 b6 31.Be1 f4 32.Bd2 Nf5 33.Qg4 Qh6 34.Re1 Nce7 35.Bc1 Qg6 36.Ba3 Rh4
37.Qe2 g4 38.Bc1 f3 39.Qf2 Rh8 40.Bf4 Nh4 41.Ne3 fxg2 42.Re2 Qh5 43.Nxg2 Nf3+
44.Kf1 Nxh2+ 45.Bxh2 Qxh2 46.Nf4 Qh6 47.Qg3 Rf8 48.Rf2 Nf5 49.Qh2 Qxh2 50.Rxh2 g3
51.Rh3 Ng7 52.Kg2 Rxf4 53.Rh8+ Kd7 54.Rh7 Kc6 55.Rb1 Rf2+  0-1

[Event "20th Metropolitan IM"]
[Site "Los Angeles USA"]
[Date "2012.07.13"]
[Round "4"]
[White "Sainz Aguirre,Ignacio"]
[Black "Abrahamyan,T"]
[Result "0-1"]
[WhiteElo "1985"]
[BlackElo "2320"]

1.e4 e6 2.d4 d5 3.Nc3 Bb4 4.e5 Ne7 5.a3 Bxc3+ 6.bxc3 c5 7.Qg4 O-O 8.Bd3 Nbc6
9.Qh5 Ng6 10.Nf3 Qc7 11.Be3 c4 12.Bxg6 fxg6 13.Qg4 Qf7 14.h4 Qf5 15.Qxf5 gxf5
16.g3 Bd7 17.Rb1 Rab8 18.Ng5 b5 19.Bd2 Rb6 20.Ke2 Rfb8 21.Rb2 Ra6 22.Ra1 b4
23.cxb4 Nxd4+ 24.Kd1 Ba4 25.Be3 Nb5 26.Bc5 d4 27.Ke1 Rd8 28.Nf3 c3 29.Rba2 d3
30.cxd3 Rxd3 31.Ke2 Rd5 32.Rc1 c2 33.Raa1 Rd1 34.Ke3 Rc6 35.Ne1 Nc3 36.Nd3 Nd5+
37.Kf3 Rxd3+  0-1

[Event "4th Rethymno Open"]
[Site "Rethymno GRE"]
[Date "2012.07.13"]
[Round "8.29"]
[White "Maltsev,L"]
[Black "Karabalis,H"]
[Result "1/2-1/2"]
[WhiteElo "1945"]
[BlackElo "2251"]

1.e4 e6 2.d4 d5 3.Nc3 Bb4 4.e5 Ne7 5.Bd2 c5 6.Nb5 Bxd2+ 7.Qxd2 O-O 8.dxc5 Nec6
9.f4 f6 10.exf6 Rxf6 11.O-O-O Na6 12.Qe3 b6 13.cxb6 axb6 14.a3 Nc5 15.Nf3 Bd7
16.Nbd4 Nxd4 17.Nxd4 Rc8 18.Kb1 Qf8 19.g3 Na4 20.Qb3 Nc5 21.Qe3 Na4 22.Qb3 Nc5
23.Qe3  1/2-1/2

[Event "6th LCT GpA 2012"]
[Site "Leiden NED"]
[Date "2012.07.14"]
[Round "8.18"]
[White "Kolodkin,Daniil"]
[Black "Ypma,P"]
[Result "0-1"]
[WhiteElo "1885"]
[BlackElo "2175"]

1.e4 e6 2.d4 d5 3.Nc3 Bb4 4.e5 b6 5.a3 Bf8 6.f4 Ne7 7.Be3 Ba6 8.Bxa6 Nxa6
9.Qd3 Nb8 10.Nf3 g6 11.O-O-O h5 12.g3 Nf5 13.Bf2 c5 14.h3 c4 15.Qd2 Qd7 16.g4 Ng7
17.Nh4 Be7 18.Bg3 Na6 19.Qg2 Nc7 20.Rdf1 O-O-O 21.Qf2 Rde8 22.Nf3 b5 23.Bh4 a5
24.Bf6 Rhg8 25.Ne2 b4 26.axb4 axb4 27.c3 Qa4 28.Kd2 Qa2 29.Rb1 Nb5 30.Bxe7 Rxe7
31.Rhc1 Na3 32.Ra1 Qxb2+ 33.Ke1 Nc2+ 34.Rxc2 Qxa1+  0-1

[Event "Corporation Centre Cup A"]
[Site "Izhevsk RUS"]
[Date "2012.07.15"]
[Round "1"]
[White "Kotlyar,K"]
[Black "Lysyj,I"]
[Result "1/2-1/2"]
[WhiteElo "2256"]
[BlackElo "2632"]

1.e4 e6 2.d4 d5 3.Nc3 Bb4 4.e5 b6 5.Qg4 Bf8 6.Bb5+ c6 7.Ba4 Ba6 8.Nce2 Bb5
9.Bb3 Ne7 10.Nf4 Nf5 11.c3 Nd7 12.Nge2 g6 13.O-O h5 14.Qf3 Nh4 15.Qe3 Bh6
16.Re1 Nf5 17.Qf3 Nh4 18.Qe3 a5 19.Bc2 Qe7 20.a4 Ba6 21.b3 Nf5 22.Qf3 Nh4
23.Qe3 Nf5 24.Qf3 Nh4 25.Qe3 Nf5 26.Qf3 Nh4 27.Qe3 Nf5 28.Qf3  1/2-1/2

[Event "ch-MNE 2012"]
[Site "Cetinje MNE"]
[Date "2012.07.16"]
[Round "9.4"]
[White "Draskovic,L"]
[Black "Drasko,M"]
[Result "1/2-1/2"]
[WhiteElo "2232"]
[BlackElo "2481"]

1.e4 e6 2.d4 d5 3.Nc3 Bb4 4.e5 Ne7 5.a3 Bxc3+ 6.bxc3 c5 7.Qg4 O-O 8.Bd3 Nbc6
9.Qh5 Ng6 10.Nf3 Qc7 11.Be3 Nce7 12.h4 Bd7 13.Qg5 f6 14.exf6 Rxf6 15.h5 h6
16.Qg3 Nf4 17.Kd2 Rc8 18.Rab1 b6 19.dxc5 bxc5 20.Ba6 Rb8 21.Rxb8+ Qxb8 22.Bxf4 Qxf4+
23.Qxf4 Rxf4 24.Rb1 Be8 25.Rb8 Rf8 26.Ne5 Bxh5 27.Rxf8+ Kxf8 28.Nd7+ Kf7
29.Nxc5 g5 30.c4  1/2-1/2

[Event "ch-NOR 2012"]
[Site "Sandefjord NOR"]
[Date "2012.07.16"]
[Round "9.10"]
[White "Thanke,B"]
[Black "Forsaa,E"]
[Result "1/2-1/2"]
[WhiteElo "2176"]
[BlackElo "2307"]

1.e4 e6 2.d4 d5 3.Nc3 Bb4 4.e5 Ne7 5.Bd2 c5 6.Nb5 Bxd2+ 7.Qxd2 O-O 8.f4 Nf5
9.Nf3 a6 10.Nc3 cxd4 11.Ne2 f6 12.Nexd4 Nxd4 13.Qxd4 Nc6 14.Qe3 fxe5 15.Nxe5 Qf6
16.g3 Nxe5 17.fxe5 Qf3 18.Qxf3 Rxf3 19.O-O-O Re3 20.Rd3 Rxe5 21.Rc3 Bd7 22.Rc7 Bc6
23.Bd3 Rh5 24.h4 Rh6 25.Rf1 Rf8 26.Rxf8+ Kxf8 27.Bxa6 bxa6 28.Rxc6 e5 29.Rxh6 gxh6
30.Kd2 Ke7 31.Kd3 Kd6 32.c4 d4 33.b4 h5  1/2-1/2

[Event "35th Taminco Open"]
[Site "Ghent BEL"]
[Date "2012.07.17"]
[Round "8.5"]
[White "Froeyman,H"]
[Black "Hovhanisian,M"]
[Result "0-1"]
[WhiteElo "2310"]
[BlackElo "2485"]

1.e4 e6 2.d4 d5 3.Nc3 Bb4 4.e5 Qd7 5.a3 Bxc3+ 6.bxc3 b6 7.Qg4 f5 8.Qg3 Ba6
9.Bxa6 Nxa6 10.Ne2 Kf7 11.h4 Ne7 12.h5 h6 13.Qd3 Qa4 14.Rh3 c5 15.Rg3 cxd4
16.cxd4 Nb4 17.Qd1 Nxc2+ 18.Kf1 Rac8 19.Bb2 Rc4 20.Rc1 Rhc8 21.Kg1 Nxd4  0-1

[Event "16th Battle of Senta Open A"]
[Site "Senta SRB"]
[Date "2012.07.17"]
[Round "5.14"]
[White "Zarkovic,M"]
[Black "Simonyi,Z"]
[Result "0-1"]
[WhiteElo "1996"]
[BlackElo "2219"]

1.e4 e6 2.d4 d5 3.Nc3 Bb4 4.e5 Ne7 5.Bd2 Nf5 6.Nb5 Be7 7.Nf3 a6 8.Na3 c5
9.c3 Nc6 10.Nc2 Qb6 11.Bc1 cxd4 12.cxd4 Bd7 13.g4 Nh4 14.Nxh4 Bxh4 15.Qd2 f6
16.exf6 Bxf6 17.Bg2 Nxd4 18.O-O O-O 19.Nxd4 Bxd4 20.a4 Rxf2 21.Rxf2 Rf8 22.Kh1 Rxf2
23.Qe1 Qd6 24.Ra3 Qe5 25.Qxe5 Bxe5 26.Rb3 Bc6  0-1

[Event "35th Taminco Open"]
[Site "Ghent BEL"]
[Date "2012.07.18"]
[Round "9.1"]
[White "Solodovnichenko,Y"]
[Black "Sarrau,J"]
[Result "1/2-1/2"]
[WhiteElo "2598"]
[BlackElo "2306"]

1.e4 e6 2.d4 d5 3.Nc3 Bb4 4.e5 Ne7 5.a3 Bxc3+ 6.bxc3 b6 7.Qg4 Ng6 8.h4 h5
9.Qd1 Qd7 10.Bg5 Qc6 11.Rh3 Ba6 12.Bxa6 Nxa6 13.g4 hxg4 14.Qxg4 Qa4 15.Qe2 c5  1/2-1/2

[Event "27th Gniota Memorial"]
[Site "Police POL"]
[Date "2012.07.18"]
[Round "8.13"]
[White "Smieszek,W"]
[Black "Zschaebitz,K"]
[Result "0-1"]
[WhiteElo "1809"]
[BlackElo "2105"]

1.e4 e6 2.d4 d5 3.Nc3 Bb4 4.e5 Ne7 5.Nf3 b6 6.Bd3 Ba6 7.O-O Qd7 8.Ne2 Bxd3
9.Qxd3 Ng6 10.Bd2 Be7 11.Nf4 Nxf4 12.Bxf4 Nc6 13.a3 Na5 14.Bd2 Nc4 15.b3 Nxd2
16.Qxd2 c5 17.Rfd1 Qb7 18.a4 a6 19.Rac1 O-O 20.c4 dxc4 21.Rxc4 b5 22.Rc2 Rfd8
23.Qc1 Qd5 24.Rc3 Rac8 25.Rd2 c4 26.axb5 axb5 27.bxc4 Rxc4 28.Rxc4 bxc4 29.Qc3 Rb8
30.Rb2 Rxb2 31.Qxb2 Qa5 32.h3 c3 33.Qc2 Qa1+ 34.Kh2 h6 35.Kg3 Bg5 36.d5 exd5
37.h4 Qc1 38.Qxc1 Bxc1 39.Nd4 Ba3 40.Kf3 Bc5 41.Nb3 Bb6 42.Ke2 h5 43.f3 Kf8
44.Kd3 d4 45.Nc1 Ke7 46.Ne2 g6 47.Nf4 Kd7 48.e6+ fxe6 49.Nxg6 Bc7 50.g4 Ke8
51.gxh5 Kf7 52.Kc2 Bd6 53.Kd3 Kg7 54.Ke2 Kh6 55.Nh8 Kxh5 56.Nf7 Bf4 57.Kd3 Kxh4
58.Nd8 e5 59.Nc6 Kg3 60.Nb4 Kxf3  0-1

[Event "6th Varna Open"]
[Site "Varna BUL"]
[Date "2012.07.19"]
[Round "8.5"]
[White "Vavric,P"]
[Black "Panbukchian,V"]
[Result "1-0"]
[WhiteElo "2186"]
[BlackElo "2347"]

1.e4 e6 2.d4 d5 3.Nc3 Bb4 4.e5 Ne7 5.a3 Bxc3+ 6.bxc3 c5 7.Qg4 cxd4 8.cxd4 Qc7
9.Ra2 Nf5 10.Nf3 Nc6 11.Kd1 O-O 12.Bd3 f6 13.Qh3 fxe5 14.dxe5 Nxe5 15.Nxe5 Qxe5
16.g4 Nh6 17.Bxh6 gxh6 18.Qxh6 Qg7 19.Qxg7+ Kxg7 20.c4 Rf4 21.cxd5 exd5 22.h3 Bd7
23.Re2 Raf8 24.Re7+ R8f7 25.Rxf7+ Kxf7 26.Ke2 h6 27.Rb1 Bc6 28.Ke3 Ra4 29.Ra1 b5
30.Bc2 Rc4 31.Bd3 d4+ 32.Kd2 Rc3 33.Rc1 Rxc1 34.Kxc1 Kf6 35.f4 Bd7 36.Kc2 a5
37.Be4 a4 38.Kd3 b4 39.axb4 a3 40.Kc2 Ba4+ 41.Kb1 Bb5 42.Ka2 Be2 43.Kxa3 d3
44.b5 d2 45.Bc2 Bxb5 46.Bd1 h5 47.Kb4 Bc6 48.Kc3 Bg2 49.Kxd2 Bxh3 50.g5+ Kg6
51.Bc2+ Kf7 52.f5 h4 53.Ke3 Bg4 54.Kf4 Be2 55.Be4 Kg7 56.Ke5 Bh5 57.g6 Kh6
58.Kf6  1-0

[Event "45th Biel Masters Open"]
[Site "Biel SUI"]
[Date "2012.07.26"]
[Round "4"]
[White "Genzling,A"]
[Black "Sengupta,D"]
[Result "0-1"]
[WhiteElo "2408"]
[BlackElo "2548"]

1.e4 e6 2.d4 d5 3.Nc3 Bb4 4.e5 Ne7 5.Bd2 b6 6.Nce2 Bxd2+ 7.Qxd2 Ba6 8.Nf3 c5
9.c3 Nbc6 10.Nf4 Bxf1 11.Kxf1 Nf5 12.h4 h5 13.g3 Qe7 14.a3 Rc8 15.Kg2 g6
16.b4 O-O 17.Qb2 Rfd8 18.Nd3 cxd4 19.cxd4 Qd7 20.Rhe1 Nce7 21.b5 Rc4 22.a4 Rdc8
23.Nb4 Kg7 24.Na6 Qd8 25.Kf1 Ng8 26.Kg2 Qe7 27.a5 Qd7 28.axb6 axb6 29.Reb1 Ngh6
30.Ra2 Ng4 31.Kg1 Rc3 32.Nc5 R8xc5 33.dxc5 Rxf3 34.c6 Qc7 35.Qa1 d4 36.Re1 Nxe5
37.Ra7 Qd6 38.c7 Rxg3+ 39.Kf1 Qd5 40.c8=Q Qg2+ 41.Ke2 Re3+ 42.Kd1 Qf3+ 43.Kc2 Qxf2+
44.Kc1 Qxe1+ 45.Kb2 Qb4+ 46.Kc1 Re1+  0-1